000 01030nam a2200241Ia 4500
008 161108s9999 xx 000 0 und d
020 _a9789589002087
100 _aJanosch, 1931-
245 _aVamos a buscar un tesoro :
_b la historia de cómo el pequeño osito y el pequeño tigre buscan la felicidad del mundo /
_c Janosch ; traducido por Ana Pérez
250 _aPrimera edición
300 _a49 páginas :
_b ilustraciones en color ;
_c 19 cm
490 _aNarrativa : + 6
500 _aTítulo original: Komm, wir weinheim und basel
650 _aLiteratura Infantil Alemana - Siglo Xx / Cuentos Infantiles Alemanes - Siglo Xx / Autores Alemanes / Amistad - Cuento / Tesoros - Cuento / Solidaridad - Cuento / Desde Los 6 A{Aelig}Os
700 _aJanosch, 1931- \\ Pérez, Ana
264 _aBogotá :
_b Loqueleo
336 _atexto
_btxt
_2rdacontent
337 _asin mediación
_bn
_2rdamedia
338 _avolumen
_bnc
_2rdacarrier
040 _aCO-BoRNBP
_bspa
_erda
_cCO-BoRNBP
084 _aC JAN1
942 _2loc
999 _c7425
_d7425